Random Gulfs and Bays on a Map - Statistics

General Stats
  • This quiz has been taken 117 times
  • The average score is 4 of 5
Answers on the Map
Answers color-coded by a green-red scale on the quiz's map according to % correct below.
 
Answer Stats
Gulf/Bay % Correct
Bay of Bengal
100%
Gulf of Aden
100%
Gulf of California
100%
Gulf of Guinea
100%
Gulf of Mexico
100%
Hudson Bay
100%
Gulf of Alaska
91%
Baffin Bay
89%
Persian Gulf
83%
Gulf of Thailand
80%
{Great} {Australian} Bight
79%
Gulf of Finland
71%
Bay of Biscay
67%
Gulf of Carpentaria
67%
Gulf of Bothnia
60%
Gulf of Saint Lawrence
44%
No matching quizzes found
Score Distribution
Percent of People with Each Score
Percentile by Number Answered
Your Score History
You have not taken this quiz